| 000 | 00576cam a22001814a 4500 | ||
|---|---|---|---|
| 999 |
_c7563 _d7563 |
||
| 003 | OSt | ||
| 005 | 20200313112915.0 | ||
| 008 | 071217s2008 nyuab b 001 0 eng | ||
| 020 | _a9780847831111 | ||
| 082 | _2711.4 | ||
| 245 | 0 | 0 |
_aNew urbanism and beyond : _bdesigning cities for the future / _cedited by Tigran Haas. |
| 260 |
_aNew York : _bRizzoli, _c2008. |
||
| 300 |
_a349 p. : _bill. (some col.), maps (some col.) ; _c29 cm. |
||
| 504 | _aIncludes bibliographical references (p. 322-337) and index. | ||
| 650 | 0 | _aCity planning. | |
| 700 | 1 | _aHaas, Tigran. | |
| 942 | _2ddc | ||